100 Biggest Cities of Tajikistan on a Map - Statistics

General Stats
  • This quiz has been taken 60 times
  • The average score is 8 of 100
Answers on the Map
Answers color-coded by a green-red scale on the quiz's map according to % correct below.
 
Answer Stats
Population City % Correct
948,251 Dushanbe
100%
196,427 Khujand
47%
103,541 Kulob
34%
63,078 Istaravshan
28%
13,492 Panj
28%
42,592 Panjakent
28%
124,497 Bokhtar
22%
30,772 Khorog
22%
56,605 Tursunzoda
16%
37,779 Yovon
16%
22,603 Dangara
13%
61,362 Isfara
13%
10,316 | 13,287 | 15,360 Mehrobod
13%
27,910 Nurek
13%
11,965 Chorbogh
9%
37,743 Chorkuh
9%
16,427 Deqonobod
9%
11,885 Ghonchi
9%
10,516 Rohati
9%
51,387 Vahdat
9%
12,110 Vorukh
9%
9,918 Basmanda
6%
13,103 | 33,736 Buston
6%
10,480 Farab
6%
12,072 Fayzabad
6%
19,431 Gafurov
6%
31,313 Hisor
6%
30,327 Hulbuk
6%
38,581 Isfisor
6%
61,870 Khistevarz
6%
53,909 Konibodam
6%
17,305 Kuchkak
6%
26,366 Kurkat
6%
17,548 Levakant
6%
16,023 Mastchoh
6%
15,537 Muminabad
6%
24,403 Nov
6%
44,777 Obburdon
6%
10,980 Okteppa
6%
17,644 Paldorak
6%
12,806 Somon
6%
12,148 Surkh
6%
16,338 Vakhsh
6%
14,363 Abdurahmoni Jomi
3%
9,787 Adrasman
3%
12,068 Arbobkhotun
3%
19,104 Balkh
3%
10,960 Bobotago
3%
11,290 Bohturobod
3%
15,297 Chilgazi
3%
10,006 Dalen
3%
12,859 Faizabad
3%
27,118 Farkhor
3%
43,833 Gulakandoz
3%
17,798 Gulbutta
3%
16,671 Guliston
3%
10,704 Gulparvar
3%
10,203 Ismoili Somoni
3%
15,000 Ismolli Somoni
3%
12,453 Jahonzeb
3%
11,044 Juybodom
3%
12,016 Kaduchi
3%
11,501 Khovaling
3%
12,893 Kulangir
3%
22,126 Kulkent
3%
9,955 Maydon
3%
11,820 Mehnatabad
3%
26,256 Mirzo Tursunzoda
3%
23,833 Moscow
3%
27,977 Navgilem
3%
19,898 Navkat
3%
12,228 Nijoni
3%
12,111 Niyozbek
3%
12,675 Numon Rozik
3%
10,534 Obchakoron
3%
10,904 Pahtakoron
3%
9,853 Pongoz-Bolo
3%
10,805 Pulatan
3%
12,397 Qabodiyon
3%
10,575 Qal'achai Kalon
3%
15,132 Rogun
3%
17,683 Rumon
3%
10,599 Saidkurgon
3%
12,160 Sarikuy
3%
16,190 Shahrinav
3%
15,163 Sharora
3%
16,615 Shaydon
3%
15,772 Shirinsho Shohtemur
3%
26,510 Somoniyon
3%
12,758 Sovetsky
3%
10,784 Sujina
3%
10,795 Tidon
3%
18,609 Unji
3%
13,292 Uzbekqishloq
3%
14,110 Yori
3%
17,777 Zaferabad
3%
12,578 Zarzamin
3%
No matching quizzes found
Score Distribution
Percent of People with Each Score
Percentile by Number Answered
Your Score History
You have not taken this quiz